01400nam a2200241Ia 4500001001100000003001000011008004100021040002500062041001300087100003000100245006300130250001100193260006400204300002700268500024900295501011400544520024900658650003400907942000700941957000600948999004200954952016200996L240-12823IT-CnALBA170116s9999||||xx |||||||||||||| ||und|| aIT-CnALBAcIT-CnALBA aITALIANO aLOMBARDI P. RICCARDO, SJ. 0aPER UN POSTCONCILIO EFFICACE. RITIRO AI PADRI CONCILIARI.  a1a ed. a ROCCA DI PAPAbMONDO MIGLIORE EDIZ. c1963 [1° Ed.: n.d.] a139 p. (prefazione: 5) aPTROMOZIONE DELLA COMUNITÀ CRISTIANA. CHIESA E CONCILIO. CHIESA. RINNOVAMENTO DELLA COMUNITÀ. COMUNITÀ PARROCCHIALE. COMUNITÀ SOPRAPARROCCHIALE. CONCILIO EFFICACE. RINNOVAMENTO DEI VESCOVI. APOSTOLI DEL POSTCONCILIO. CHIESA UNIVERSALE.  aSocietà San Paolo EM - Piazza San Paolo, 14 - 12051 ALBA (CN) (non commercial uses only) ® Copyright 2017 aPTROMOZIONE DELLA COMUNITÀ CRISTIANA. CHIESA E CONCILIO. CHIESA. RINNOVAMENTO DELLA COMUNITÀ. COMUNITÀ PARROCCHIALE. COMUNITÀ SOPRAPARROCCHIALE. CONCILIO EFFICACE. RINNOVAMENTO DEI VESCOVI. APOSTOLI DEL POSTCONCILIO. CHIESA UNIVERSALE.  aTEOLOGIA SPIRITUALE CRISTIANA cBK 71 a17576bNOg Copie: 1 c271999d271999 0010406L_2401282371aALBAbALBAd2017-01-16l0oL240-12823r2017-01-16 00:00:00w2017-01-16yBKz(data import: 16 gennaio 2017) - By Epidotti, Vaglietti.